[Event "Tourn. n9893"]
[Site "www.echecsemail.com"]
[Date "2018.08.12"]
[Round "1"]
[White "Jjmcbride"]
[Black "Cal"]
[WhiteElo "1660"]
[BlackElo "1730"]
[Result "0-1"]
[Round "1"]
1.e4 e5
2.Ng1f3 d6
3.Bf1c4 h6
4.d4 exd4
5.e5 d5
6.Bc4b3 c5
7.c3 c4
8.Bb3a4 Bc8d7
9.O-O b5
10.Ba4c2 Nb8c6
11.cxd4 Bd7e6
12.Nb1c3 Qd8b6
 { time }
0-1

[Event "Match"]
[Site "www.echecsemail.com"]
[Date "2018.08.12"]
[Round "1"]
[White "Apdash"]
[Black "Alekpax"]
[WhiteElo "1870"]
[BlackElo "2390"]
[Result "0-1"]
[Round "1"]
1.e4 e5
2.Ng1f3 f5
3.Nf3xe5 Ng8f6
4.Bf1c4 Qd8e7
5.Ne5f7 Qe7xe4
6.Qd1e2 Qe4xe2
7.Kxe2 d5
8.Bc4xd5 Nf6xd5
9.Nf7xh8 Nb8c6
10.b3 Nd5f4
11.Kf3 g5
12.Rh1e1 Bc8e6
13.Bc1b2 Bf8d6
14.g3 g4
15.Ke3 Nf4g2
16.Ke2 Ng2xe1
17.Kxe1 Bd6e5
18.Bb2xe5 Nc6xe5
19.Nb1a3 Ne5f3
20.Ke2 O-O-O
21.Ra1d1 Rd8xh8
22.h3 f4
23.hxg4 Be6xg4
24.Rd1h1 Nf3g5
25.Kd3 Rh8d8
26.Kc4 Rd8xd2
27.gxf4 Ng5e4
28.Rh1xh7 Bg4e2
29.Kb4 c5
30.Ka4 Ne4c3
31.Ka5 b6

0-1

[Event "Tourn. n9831"]
[Site "www.echecsemail.com"]
[Date "2018.08.12"]
[Round "1"]
[White "Cal"]
[Black "Passaroa25"]
[WhiteElo "1620"]
[BlackElo "1610"]
[Result "1-0"]
[Round "1"]
1.c4 Ng8f6
2.Nb1c3 c6
3.e4 e5
4.h3 d6
5.d3 Bf8e7
6.Bc1g5 Nb8d7
7.Ng1f3 h6
8.Bf1e2 hxg5
9.O-O Nf6h7
10.a3 f6
11.b4 Nd7b6
12.Nf3h2 Bc8d7
13.Be2g4 O-O
14.b5 c5
15.Bg4h5 Bd7e8
16.Bh5xe8 Qd8xe8
17.a4 Nb6d7
18.Nc3d5 Be7d8
19.Qd1g4 b6
20.Nd5e3 Bd8e7
21.f3 Qe8c8
22.Qg4e6 Rf8f7
23.Ne3f5 Kf8
24.Nh2g4 Ke8
25.Nf5xd6 Kd8
26.Nd6xf7 Kc7
27.a5 Nh7f8
28.Qe6xe7 Qc8e8
29.Qe7d6 Kc8
30.Qd6c6 Kb8
31.axb6 Qe8c8
32.bxa7 Ra8xa7
33.Qc6d6 Qc8c7
34.Qd6e7 Ra7xa1
35.Rf1xa1 Nd7b6
36.Qe7xf8 Nb6c8
37.Ra1a6 Kb7
38.Nf7d6 Kb8
39.Ng4e3 Qc7d7
40.Ne3d5 Qd7xd6
41.Ra6xd6 Kb7
42.Qf8xg7 Kb8
43.Qg7c7 { resign }
1-0

[Event "Match"]
[Site "www.echecsemail.com"]
[Date "2018.08.12"]
[Round "1"]
[White "Apdash"]
[Black "Stevep84"]
[WhiteElo "1990"]
[BlackElo "2300"]
[Result "0-1"]
[Round "1"]
1.e4 e5
2.Ng1f3 Nb8c6
3.Bf1b5 Ng8f6
4.O-O Nf6xe4
5.Rf1e1 Ne4d6
6.Bb5xc6 dxc6
7.Re1xe5 Bf8e7
8.Qd1e1 Nd6c4
9.Re5e2 Bc8e6
10.d3 Nc4b6
11.Nb1c3 O-O
12.Nc3e4 Be7d6
13.Nf3g5 Be6d5
14.f4 h6
15.Ne4xd6 cxd6
16.Ng5e4 f5
17.Ne4c3 Qd8f6
18.Nc3xd5 Nb6xd5
19.c3 Kf7
20.c4 Nd5c7
21.Bc1d2 Rf8e8
22.Bd2c3 Re8xe2
23.Qe1xe2 Qf6h4
24.Qe2f2 Qh4g4
25.Qf2d4 Nc7e6
26.Qd4xd6 Ne6xf4
27.g3 Nf4h3
28.Kg2 Ra8e8
29.Ra1e1 Re8e2
30.Re1xe2 Qg4xe2
31.Kxh3 Qe2f1
32.Kh4 g5
33.Kh5 Qf1h3
{ resign }
0-1

[Event "Tourn. n9891"]
[Site "www.echecsemail.com"]
[Date "2018.08.12"]
[Round "1"]
[White "Cvilhena1976"]
[Black "Bojan"]
[WhiteElo "2150"]
[BlackElo "2010"]
[Result "1-0"]
[Round "1"]
1.e4 e5
2.Bf1c4 Nb8c6
3.d3 Nc6a5
4.Ng1f3 Na5xc4
5.dxc4 d6
6.O-O h6
7.Bc1d2 Ng8f6
8.Nb1c3 Bc8g4
9.h3 Bg4h5
10.Qd1e2 c6
11.Qe2d3 Bf8e7
12.Nf3h4 Nf6h7
13.Nh4f5 O-O
14.f4 Be7f6
15.Nf5g3 Bh5g6
16.f5 Bf6e7
17.fxg6 fxg6
18.Rf1xf8 Nh7xf8
19.Ra1f1 Nf8e6
20.Qd3f3 Qd8e8
21.Bd2e3 b6
22.Ng3e2 Be7f6
23.b3 Qe8e7
24.Be3xh6 Ra8f8
25.Bh6d2 Bf6h4
26.Qf3g4 Bh4f6
27.Qg4xg6 Bf6h4
28.Rf1xf8 Qe7xf8
29.Qg6xe6 { resign }
1-0

[Event "Match"]
[Site "www.echecsemail.com"]
[Date "2018.08.12"]
[Round "1"]
[White "Foxy100"]
[Black "Apdash"]
[WhiteElo "2270"]
[BlackElo "2110"]
[Result "1-0"]
[Round "1"]
1.e4 c5
2.Ng1f3 d6
3.d4 cxd4
4.Nf3xd4 e6
5.Nb1c3 Ng8f6
6.Bf1e2 Bf8e7
7.Bc1e3 a6
8.O-O Nb8c6
9.f4 Nc6xd4
10.Be3xd4 b5
11.e5 dxe5
12.fxe5 Nf6d5
13.Nc3xd5 exd5
14.e6 Bc8xe6
15.Bd4xg7 Rh8g8
16.Bg7d4 Ra8c8
17.c3 Be7c5
18.Bd4xc5 Rc8xc5
19.Qd1d4 Qd8g5
20.g3 Rc5c6
21.a4 b4
22.cxb4 Rc6c2
23.Rf1f2 Be6h3
24.Be2b5 axb5
25.Rf2xc2 h5
26.axb5 h4
27.Ra1a8 Kd7
28.Ra8xg8 Qg5xg8
29.b6 hxg3
30.Qd4xd5 Ke7
31.Rc2c7 Kf6
32.Qd5xf7 Qg8xf7
33.Rc7xf7 Kxf7
34.b7 { resign }
1-0

[Event "Tourn. n9889"]
[Site "www.echecsemail.com"]
[Date "2018.08.12"]
[Round "1"]
[White "Bojan"]
[Black "Andychesston"]
[WhiteElo "1990"]
[BlackElo "2100"]
[Result "0-1"]
[Round "1"]
1.e4 e5
2.Ng1f3 Nb8c6
3.Nb1c3 d6
4.Bf1d3 Bc8g4
5.Nc3d5 Nc6d4
6.Nd5e3 Nd4xf3
7.gxf3 Bg4h5
8.Bd3e2 Qd8h4
9.d4 O-O-O
10.Qd1d3 Qh4h3
11.Ne3d5 c6
12.Nd5c3 exd4
13.Nc3d1 d5
14.exd5 Rd8xd5
15.Bc1f4 g5
16.Bf4g3 Bh5g6
17.Qd3c4 Bf8c5
18.Qc4a4 Bc5b6
19.c3 d3
20.Nd1e3 Bb6xe3
21.Be2f1 d2
22.Kd1 Qh3e6
23.Bf1c4 Ng8e7
24.fxe3 Qe6xe3
25.Bc4xd5 Ne7xd5
26.Qa4d4 Qe3xf3
27.Kxd2 Rh8d8
28.Qd4f2 Nd5f4
29.Qf2d4 Qf3g2
30.Ke3 Qg2e2
{ resign }
0-1

[Event "Match"]
[Site "www.echecsemail.com"]
[Date "2018.08.12"]
[Round "1"]
[White "Alekpax"]
[Black "Whitekknight"]
[WhiteElo "2400"]
[BlackElo "1890"]
[Result "1-0"]
[Round "1"]
1.e4 e5
2.Ng1f3 Nb8c6
3.Bf1b5 Bf8d6
4.O-O a6
5.Bb5a4 Ng8f6
6.c3 Nc6e7
7.d4 exd4
8.e5 Bd6xe5
9.Nf3xe5 Ne7c6
10.cxd4 O-O
11.Nb1c3 Nc6xe5
12.dxe5 Nf6e8
13.Qd1h5 g6
14.Qh5h6 Ne8g7
15.Ba4c2 d6
16.Bc1g5 Ng7f5
17.Bc2xf5 f6
18.Bf5xg6 hxg6
19.Qh6xg6 Kh8
20.Qg6h6 Kg8
21.exf6 Rf8f7
22.Qh6g6 Kf8
23.Rf1e1 Qd8d7
24.Bg5h6 { resign }
1-0

[Event "Match"]
[Site "www.echecsemail.com"]
[Date "2018.08.12"]
[Round "1"]
[White "Darknight"]
[Black "Gambitmiau"]
[WhiteElo "1940"]
[BlackElo "1960"]
[Result "1-0"]
[Round "1"]
1.e4 Nb8c6
2.d4 d5
3.e5 Bc8f5
4.a3 a6
5.Nb1c3 e6
6.h3 Qd8h4
7.Ng1f3 Bf5xc2
8.Qd1xc2 Nc6xd4
9.Qc2a4 c6
10.Nf3xh4 Bf8c5
11.Bc1e3 b5
12.Qa4d1 f6
13.Be3xd4 Bc5xd4
14.Qd1xd4 { resign }
1-0

[Event "Match"]
[Site "www.echecsemail.com"]
[Date "2018.08.12"]
[Round "1"]
[White "Cal"]
[Black "Alekpax"]
[WhiteElo "1790"]
[BlackElo "1539"]
[Result "0-1"]
[Round "1"]
1.c4 Ng8f6
2.Nb1c3 g6
3.e4 d6
4.h3 c5
5.Ng1f3 Nb8c6
6.a3 Bf8g7
7.d3 O-O
8.Bf1e2 Nf6d7
9.O-O Qd8b6
10.b3 Bg7xc3
11.Ra1a2 Nd7e5
12.Nf3h2 Nc6d4
13.f4 Ne5c6
14.Be2g4 Qb6xb3
15.Ra2f2 Qb3xd1
16.Rf1xd1 f5
17.exf5 Nd4xf5
18.Nh2f3 Bc8d7
19.Bg4xf5 Rf8xf5
20.Bc1e3 Bc3g7
21.Nf3h4 Rf5f8
22.Rf2f3 Bg7f6
23.Be3f2 e5
24.fxe5 Nc6xe5
25.Rf3f4 Bd7a4
26.Rd1d2 Bf6g5
27.Rf4xf8 Ra8xf8
28.Rd2e2 Rf8xf2
29.Kxf2 Ne5xd3
30.Kg3 Bg5f4
31.Kg4 h5
32.Kf3 Ba4c6
33.Re2e4 Bf4g5
34.Nh4xg6 Nd3e1
35.Kf2 Bc6xe4
36.Kxe1 Be4xg6
37.Ke2 b6
38.Kf3 Bg6d3
39.g3 Bd3xc4
40.Ke4 d5
41.Kf5 d4
42.Kxg5 d3
43.Kxh5 d2
{ resign }
0-1

[Event "Tourn. n9900"]
[Site "www.echecsemail.com"]
[Date "2018.08.12"]
[Round "1"]
[White "Madz123456"]
[Black "Ladyuzbetova"]
[WhiteElo "1660"]
[BlackElo "1619"]
[Result "1-0"]
[Round "1"]
1.e4 c5
2.Ng1f3 d6
3.Nb1c3 a6
4.d4 cxd4
5.Nf3xd4 Ng8f6
6.Bf1e2 e5
7.Nd4b3 Bc8e6
8.Bc1e3 Bf8e7
9.Qd1d3  { time }
1-0

[Event "Match"]
[Site "www.echecsemail.com"]
[Date "2018.08.12"]
[Round "1"]
[White "Apdash"]
[Black "Goofy"]
[WhiteElo "1810"]
[BlackElo "2330"]
[Result "0-1"]
[Round "1"]
1.d4 d6
2.c4 c6
3.e4 Nb8d7
4.Ng1f3 h6
5.Nb1c3 g5
6.Bf1d3 Bf8g7
7.Bc1e3 Ng8f6
8.e5 Nf6g4
9.exd6 Ng4xe3
10.fxe3 exd6
11.O-O Nd7f6
12.e4 Nf6g4
13.Qd1e2 Qd8c7
14.h3 Ng4f6
15.e5 dxe5
16.dxe5 Nf6h5
17.Nc3e4 Nh5f4
18.Ne4d6 Qc7xd6
19.exd6 Nf4xe2
20.Bd3xe2 Bg7xb2
21.Ra1d1 g4
22.hxg4 Bc8xg4
23.Rd1b1 Bb2a3
24.Rf1d1 Ba3c5
25.Kf1 O-O-O
26.Rb1b2 Bc5xd6
27.Nf3h4 Bg4e6
28.Rd1b1 Rd8d7
29.Nh4f3 c5
30.Be2d3 b6
31.a4 Bd6c7
32.Bd3e2 Rh8e8
33.Nf3d2 Bc7e5
34.Rb2a2 Be6f5
35.Rb1d1 Re8d8
36.g4 Bf5d3
37.Be2xd3 Rd7xd3
38.Ke2 Be5f4
39.a5 Rd3xd2
40.Rd1xd2 Rd8xd2
41.Ra2xd2 Bf4xd2
42.Kxd2 bxa5
43.Kc3 a4
44.Kb2 Kd7
45.Ka3 Kd6
46.Kxa4 Ke5
47.Ka3 Kd4
48.Kb3 Kd3
{ resign }
0-1

[Event "Tourn. n9909"]
[Site "www.echecsemail.com"]
[Date "2018.08.13"]
[Round "1"]
[White "Deneb"]
[Black "Cal"]
[WhiteElo "1600"]
[BlackElo "1710"]
[Result "1-0"]
[Round "1"]
1.e4 e5
2.Ng1f3 d6
3.Bf1c4 h6
4.O-O Ng8f6
5.d4 exd4
6.e5 dxe5
7.Nf3xe5 Bc8e6
8.Bc4xe6 fxe6
9.Qd1d3 c5
10.Qd3g6 Ke7
11.Qg6f7 Kd6
12.Bc1f4 Kd5
13.Qf7xb7 Kd6
14.Ne5f7 
1-0

[Event "Tourn. n9909"]
[Site "www.echecsemail.com"]
[Date "2018.08.13"]
[Round "1"]
[White "Cal"]
[Black "Jjmcbride"]
[WhiteElo "1710"]
[BlackElo "1630"]
[Result "1-0"]
[Round "1"]
1.c4 e5
2.e4 Ng8f6
3.Nb1c3 Bf8b4
4.Nc3e2 Nf6xe4
5.Ng1f3 Qd8f6
6.a3 Bb4c5
7.d4  { time }
1-0

[Event "Tourn. n9903"]
[Site "www.echecsemail.com"]
[Date "2018.08.13"]
[Round "1"]
[White "Mitja"]
[Black "Alessiov"]
[WhiteElo "2020"]
[BlackElo "2260"]
[Result "0-1"]
[Round "1"]
1.d4 Ng8f6
2.e3 d5
3.c3 Bc8f5
4.h3 Nb8d7
5.Ng1e2 c6
6.Ne2g3 Bf5g6
7.Bf1d3 e5
8.Bd3xg6 hxg6
9.Qd1b3 Qd8c7
10.dxe5 Nd7xe5
11.Qb3c2 O-O-O
12.b4 Nf6e4
13.Ng3xe4 dxe4
14.Qc2xe4 Ne5d3
15.Ke2 Qc7d6
16.Rh1d1 Nd3f4
{ resign }
0-1

[Event "Tourn. n9896"]
[Site "www.echecsemail.com"]
[Date "2018.08.13"]
[Round "1"]
[White "J1j6"]
[Black "Gilliere"]
[WhiteElo "1940"]
[BlackElo "1960"]
[Result "0-1"]
[Round "1"]
1.d4 Ng8f6
2.c4 e6
3.Nb1c3 d5
4.cxd5 exd5
5.Bc1f4 Nb8c6
6.Nc3b5 Bf8b4
7.Bf4d2 Bb4xd2
8.Qd1xd2 a6
9.Nb5c3 O-O
10.g3 Rf8e8
11.e3 Bc8g4
12.Bf1g2 Qd8d6
13.Ng1e2 Bg4xe2
14.Qd2xe2 Nc6xd4
15.Qe2d3 Nd4c6
16.Nc3xd5 Nf6xd5
17.Bg2xd5 Nc6b4
18.Bd5xf7 Kxf7
19.Qd3xh7 Qd6d3
20.Qh7xd3 Nb4xd3
21.Ke2 Nd3c5
22.Ra1c1 Nc5e6
23.Rh1d1 Re8d8
24.Rd1e1 Rd8d6
25.f4 Rd6d7
26.Kf3 Ra8d8
27.h4 b6
28.g4 c5
29.f5 Ne6f8
30.Kf4 Rd7d2
31.Kg5 Nf8h7
32.Kf4 Rd2xb2
33.a4 Rb2f2
34.Kg3 Rd8d2
35.Rc1c4 Rf2g2
36.Kf3 Rg2h2
37.h5 Nh7g5
38.Kf4 Kf6
39.Re1f1 Rh2f2
40.Rf1xf2 Rd2xf2
41.Kg3 Rf2f3
42.Kg2 Rf3xe3
43.a5 Re3e4
44.Rc4xe4 Ng5xe4
45.axb6 Ne4d6
46.Kf3 a5
47.Kf4 a4
48.g5 Kf7
49.Ke5 Nd6b7
50.h6 gxh6
51.gxh6 a3
52.f6 a2
53.Kd5 a1Q
54.Kc6 Qa1xf6
55.Kxb7 c4
56.Ka7 Qf6xb6
57.Kxb6 c3
58.h7 Kg7
59.Kb5 c2
{ resign }
0-1

[Event "Tourn. n9905"]
[Site "www.echecsemail.com"]
[Date "2018.08.13"]
[Round "1"]
[White "Gvladutz"]
[Black "Tartan"]
[WhiteElo "2470"]
[BlackElo "2580"]
[Result "0-1"]
[Round "1"]
1.d4 Ng8f6
2.c4 e6
3.Nb1c3 Bf8b4
4.e3 b6
5.Bf1d3 Bc8b7
6.Ng1f3 c5
7.Bc1d2 { time. }
0-1

[Event "Match"]
[Site "www.echecsemail.com"]
[Date "2018.08.13"]
[Round "1"]
[White "Biggles"]
[Black "J1j6"]
[WhiteElo "2080"]
[BlackElo "1940"]
[Result "1-0"]
[Round "1"]
1.e4 e5
2.Ng1f3 Nb8c6
3.Bf1c4 Ng8f6
4.Nf3g5 d5
5.exd5 Nc6a5
6.Bc4b5 c6
7.dxc6 bxc6
8.Bb5a4 Qd8b6
9.O-O Na5c4
10.Ba4b3 Bc8g4
11.Qd1e1 Nc4a5
12.Bb3xf7 Kd8
13.Qe1xe5 Bf8c5
14.Bf7e6 Rh8e8
15.d4 Bc5e7
16.Ng5f7 
1-0

[Event "Match"]
[Site "www.echecsemail.com"]
[Date "2018.08.13"]
[Round "1"]
[White "Guidom"]
[Black "Mitja"]
[WhiteElo "2130"]
[BlackElo "2000"]
[Result "1-0"]
[Round "1"]
1.e4 d5
2.exd5 Qd8xd5
3.Nb1c3 Qd5d8
4.Ng1f3 e6
5.Bf1e2 Ng8f6
6.O-O Bf8c5
7.d3 c6
8.Bc1g5 h6
9.Bg5h4 b6
10.Nc3e4 Bc5e7
11.Ne4xf6 Be7xf6
12.Bh4g3 O-O
13.c3 Bc8b7
14.Qd1c2 Rf8e8
15.d4 Nb8d7
16.Ra1d1 Bf6e7
17.Rf1e1 Nd7f6
18.Nf3e5 Nf6d7
19.Ne5xf7 Kxf7
20.Be2h5 Kg8
21.Bh5xe8 Qd8xe8
22.Re1xe6 Qe8f7
23.Rd1e1 Be7f6
24.f4 Nd7f8
25.Re6e2 Bb7a6
26.Re2e3 Qf7xa2
27.h3 Qa2d5
28.Kh2 Ba6b7
29.Re3e8 Ra8xe8
30.Re1xe8 c5
31.dxc5 Qd5xc5
32.Qc2e2 Qc5c6
33.f5 a6
34.Qe2e6 Qc6xe6
35.fxe6 Bb7c6
36.Re8c8 Bc6b5
37.Bg3d6 { resign }
1-0

[Event "Match"]
[Site "www.echecsemail.com"]
[Date "2018.08.13"]
[Round "1"]
[White "Darknight"]
[Black "Llord"]
[WhiteElo "1960"]
[BlackElo "1930"]
[Result "1-0"]
[Round "1"]
1.e4 e5
2.Bf1c4 Ng8f6
3.d3 Bf8c5
4.h3 O-O
5.Bc1g5 Bc5e7
6.g4 h6
7.Bg5xf6 Be7xf6
8.Ng1f3 d6
9.Nb1d2 Nb8c6
10.c3 Bc8e6
11.Qd1e2 a6
12.O-O-O Nc6a5
13.Rd1g1 Bf6g5
14.h4 Bg5xd2
15.Kxd2 b5
16.Bc4b3 Be6xb3
17.axb3 Na5xb3
18.Kc2 Nb3c5
19.b4 Nc5e6
20.h5 Ne6f4
21.Qe2d1 c5
22.g5 hxg5
23.Nf3xg5 cxb4
24.cxb4 Qd8c7
25.Kd2 Nf4e6
26.h6 Ne6xg5
27.Rg1xg5 g6
28.Qd1f3 Ra8c8
29.Qf3f6 { resign }
1-0

[Event "Tourn. n9920"]
[Site "www.echecsemail.com"]
[Date "2018.08.13"]
[Round "1"]
[White "Minorsana"]
[Black "Picifarkinca"]
[WhiteElo "1459"]
[BlackElo "1450"]
[Result "1-0"]
[Round "1"]
1.e4 g6
2.d4 Bf8g7
3.Nb1c3 c5
4.dxc5 Qd8a5
5.Bc1d2 Qa5xc5
6.Nc3d5 e6
7.Bd2b4 Qc5c6
8.Bf1b5 { resign }
1-0

[Event "Tourn. n9888"]
[Site "www.echecsemail.com"]
[Date "2018.08.13"]
[Round "1"]
[White "Greghghs"]
[Black "Coolant"]
[WhiteElo "2520"]
[BlackElo "2370"]
[Result "1-0"]
[Round "1"]
1.d4 Ng8f6
2.c4 g6
3.Nb1c3 d5
4.cxd5 Nf6xd5
5.e4 Nd5xc3
6.bxc3 c5
7.Ng1f3 Bf8g7
8.Ra1b1 O-O
9.Bf1e2 Qd8a5
10.O-O Qa5xa2
11.Bc1g5 cxd4
12.cxd4 h6
13.Bg5xe7 Rf8e8
14.Be7d6 Re8xe4
15.Be2d3 Re4e6
16.Rb1c1 Re6xd6
17.Rc1xc8 Kh7
18.Bd3c4 Qa2b2
19.Bc4xf7 Bg7xd4
20.Bf7g8 Kg7
21.Nf3xd4 Rd6xd4
22.Qd1f3 { resign }
1-0

[Event "Match"]
[Site "www.echecsemail.com"]
[Date "2018.08.13"]
[Round "1"]
[White "Rindrandria"]
[Black "Ranjachess"]
[WhiteElo "1760"]
[BlackElo "1850"]
[Result "1-0"]
[Round "1"]
1.e4 e5
2.Ng1f3 d6
3.d4 Bc8g4
4.Bf1c4 Ng8f6
5.h3 Bg4xf3
6.Qd1xf3 h6
7.Bc4xf7 Kxf7
8.Qf3b3 d5
9.Qb3xb7 Nb8d7
10.Qb7c6 Bf8d6
11.exd5 exd4
12.O-O Nd7b6
13.Qc6b5 Nb6xd5
14.Qb5c4 c5
15.b4 Ra8c8
16.Bc1b2 Rh8e8
17.bxc5 Qd8a5
18.Bb2xd4 Bd6xc5
19.Bd4xf6 Bc5xf2
20.Rf1xf2 Qa5e1
21.Qc4f1 Nd5xf6
22.Nb1a3 Qe1b4
23.Qf1a6 Re8e1
24.Ra1xe1 Qb4xe1
25.Rf2f1 Qe1e3
26.Kh1 Rc8d8
27.Na3c4 Qe3c5
28.Rf1e1 Kg6
29.Qa6e6 Rd8e8
30.Nc4e5 Kh7
31.Qe6f5 Kg8
32.c4 Re8f8
33.Qf5c2 Rf8e8
34.Ne5f3 Re8xe1
35.Nf3xe1 Nf6d7
36.Ne1f3 a5
37.Qc2g6 Nd7b6
38.Nf3d2 Qc5g5
39.Qg6e6 Kh8
40.Qe6xb6 Qg5xd2
41.c5 a4
42.c6 Qd2d6
43.Qb6b7 Qd6d5
44.Qb7b8 Kh7
45.c7 Qd5xa2
46.c8Q a3
47.Qc8f5 g6
48.Qb8b7 Kh8
49.Qf5xg6 Qa2g8
50.Qg6f6 Qg8g7
51.Qb7xg7 
1-0

[Event "Match"]
[Site "www.echecsemail.com"]
[Date "2018.08.13"]
[Round "1"]
[White "Geodad5"]
[Black "Jovaras"]
[WhiteElo "2180"]
[BlackElo "2280"]
[Result "1/2-1/2"]
[Round "1"]
1.e4 c5
2.Ng1f3 d6
3.d4 cxd4
4.Nf3xd4 Ng8f6
5.Nb1c3 a6
6.Bf1d3 e5
7.Nd4f3 Bf8e7
8.O-O O-O
9.h3 Bc8e6
10.Nf3h2 Nb8d7
11.f4 Nd7c5
12.f5 Be6d7
13.Bc1e3 b5
14.Be3g5 b4
15.Bg5xf6 Be7xf6
16.Nc3d5 Bf6e7
17.Nd5xe7 Qd8xe7
18.Qd1f3 f6
19.Qf3g3 Bd7c6
20.Ra1e1 d5
21.exd5 Bc6xd5
22.b3 Ra8d8
23.Nh2g4 Nc5xd3
24.cxd3 Qe7c5
25.Kh2 Bd5f7
26.Ng4h6 Kh8
27.Nh6xf7 Rf8xf7
28.Rf1f2 Rf7d7
29.Re1e3 Qc5c3
30.Rf2f3 Qc3c2
31.Rf3f2 Qc2b1
32.Rf2d2 Rd7d4
33.Qg3f2 Rd4xd3
34.Re3xd3 Rd8xd3
35.Qf2c5 h6
36.Rd2xd3 Qb1xd3
37.Qc5xb4 Qd3xf5
38.a3 e4
39.Qb4d2 Qf5e5
40.g3 e3
41.Qd2e2 Qe5d4
42.Kg2 Qd4c3
43.Kf3 Qc3xb3
44.Qe2xe3 Qb3d5
45.Kf2 a5
46.Qe3c3 a4
47.Qc3c8 Kh7
48.Qc8c2 f5
49.Qc2xa4 Qd5d2
50.Kf3 Qd2d3
51.Kf2 Qd3d2
{ draw }
1/2-1/2

[Event "Fast Game"]
[Site "www.echecsemail.com"]
[Date "2018.08.13"]
[Round "1"]
[White "Apdash"]
[Black "Alessiov"]
[WhiteElo "1950"]
[BlackElo "1599"]
[Result "0-1"]
[Round "1"]
1.e4 e5
2.Ng1f3 Nb8c6
3.Bf1c4 Bf8c5
4.Nb1c3 Ng8f6
5.O-O O-O
6.d3 d6
7.Nc3a4 Bc5b6
8.Na4xb6 axb6
9.Bc1g5 h6
10.Bg5h4 Nc6a5
11.Qd1e2 Na5xc4
12.dxc4 g5
13.Bh4g3 Nf6h5
14.a3 f5
15.exf5 Bc8xf5
16.Ra1d1 Qd8e8
17.Qe2d2 Qe8f7
18.c3 Bf5g4
19.Qd2d5 Qf7xd5
20.cxd5 Bg4xf3
21.gxf3 Rf8xf3
22.Kg2 Rf3f5
23.h4 gxh4
24.Bg3xh4 Nh5f4
25.Kh2 Kf7
26.Rf1g1 Ra8a5
27.c4 Ra5a4
28.Rg1g4 Ra4xc4
29.Rd1d2 Rc4d4
30.Rd2xd4 exd4
31.Bh4g3 Nf4e2
32.Rg4e4 d3
{ resign }
0-1

[Event "Match"]
[Site "www.echecsemail.com"]
[Date "2018.08.14"]
[Round "1"]
[White "Bjonil60"]
[Black "Apdash"]
[WhiteElo "1510"]
[BlackElo "1840"]
[Result "0-1"]
[Round "1"]
1.d4 d5
2.Ng1f3 Ng8f6
3.e3 Bc8g4
4.Bf1e2 Nb8d7
5.Nf3g1 Bg4xe2
6.Qd1xe2 e5
7.Nb1c3 e4
8.f3 c5
9.dxc5 Bf8xc5
10.Nc3a4 Qd8a5
11.Na4c3 exf3
12.Qe2xf3 O-O
13.Bc1d2 Bc5b4
14.a3 Bb4c5
15.b4 Bc5xb4
16.Ng1e2 Nd7e5
17.Qf3h3 Ne5c4
18.Bd2c1 Bb4xc3
19.Ne2xc3 Qa5xc3
20.Kd1 Nf6e4
21.Rh1f1 Qc3xa1
22.Ke2 Qa1e5
23.Rf1f5 Qe5a1
24.Bc1d2 Nc4xd2
25.Qh3h5 g6
26.Qh5g4 Qa1xa3
27.Rf5xd5 Qa3a6
28.Ke1 Qa6f1

0-1

[Event "Tourn. n9902"]
[Site "www.echecsemail.com"]
[Date "2018.08.14"]
[Round "1"]
[White "Joskomol"]
[Black "Jaroslavpech"]
[WhiteElo "2200"]
[BlackElo "2440"]
[Result "1/2-1/2"]
[Round "1"]
1.e4 c5
2.Ng1f3 d6
3.Bf1c4 e6
4.Nb1c3 Ng8f6
5.d4 cxd4
6.Nf3xd4 a6
7.O-O Bf8e7
{ draw }
1/2-1/2

[Event "Tourn. n9822"]
[Site "www.echecsemail.com"]
[Date "2018.08.14"]
[Round "1"]
[White "Alvarin111"]
[Black "Julian"]
[WhiteElo "1820"]
[BlackElo "1850"]
[Result "1-0"]
[Round "1"]
1.e4 c5
2.Nb1c3 Nb8c6
3.Ng1f3 d6
4.h3 e6
5.Bf1c4 a6
6.a3 b5
7.Bc4a2 Ng8f6
8.d3 Bf8e7
9.O-O O-O
10.Bc1f4 Nc6d4
11.e5 dxe5
12.Nf3xe5 Qd8b6
13.Rf1e1 Nf6d5
14.Nc3xd5 exd5
15.c3 Nd4e6
16.Bf4d2 Be7f6
17.Ba2xd5 Ra8a7
18.Ne5g4 Bf6e7
19.Bd2e3 Qb6a5
20.b4 cxb4
21.Be3xa7 bxa3
22.Ba7d4 Ne6xd4
23.cxd4 Be7b4
24.Re1e4 Bc8e6
25.Bd5xe6  { time }
1-0

[Event "Tourn. n9862"]
[Site "www.echecsemail.com"]
[Date "2018.08.14"]
[Round "1"]
[White "Cathar"]
[Black "Rons"]
[WhiteElo "2269"]
[BlackElo "2640"]
[Result "0-1"]
[Round "1"]
1.c4 e6
2.g3 d5
3.Bf1g2 Ng8f6
4.Ng1f3 dxc4
5.Nb1a3 Bf8xa3
6.bxa3 O-O
7.Bc1b2 Nb8d7
8.Ra1c1 b5
9.a4 a6
10.d3 Bc8b7
11.dxc4 c5
12.Bb2xf6 Nd7xf6
13.Qd1xd8 Rf8xd8
14.cxb5 axb5
15.axb5 Ra8xa2
16.O-O Ra2xe2
17.Rc1xc5 Re2b2
18.Nf3e5 Bb7xg2
19.Kxg2 Nf6e4
20.Rc5c4 f5
21.Ne5c6 Rd8e8
22.Rc4b4 Rb2xb4
23.Nc6xb4 Re8b8
24.Nb4d3 Rb8xb5
25.f3 Ne4f6
26.Rf1f2 e5
27.Rf2e2 e4
28.fxe4 fxe4
29.Nd3f2 Rb5e5
30.Nf2d1 Kf7
31.Nd1e3 Re5a5
32.h3 Ra5a3
33.Kf2 Nf6h5
34.Kg2 Ke6
35.Kf2 Ra3d3
36.Kg2 Ke5
37.Ne3f1 g6
38.Nf1e3 Kd4
39.Ne3c2 Kc3
40.Nc2e3 Rd3d2
41.Re2f2 Kd3
42.Rf2xd2 Kxd2
43.Ne3f1 Ke2
{ resign }
0-1

[Event "Match"]
[Site "www.echecsemail.com"]
[Date "2018.08.14"]
[Round "1"]
[White "Gidgud"]
[Black "Gimmyg"]
[WhiteElo "2360"]
[BlackElo "2530"]
[Result "0-1"]
[Round "1"]
1.e4 e6
2.d4 b6
3.Ng1f3 Bc8b7
4.Bf1d3 d6
5.O-O Nb8d7
6.c4 g6
7.Nb1c3 Bf8g7
8.d5 Ng8f6
9.dxe6 fxe6
10.Nf3g5 Qd8e7
11.Bc1e3 O-O-O
12.Qd1a4 Nf6g4
13.Be3d2 Bg7xc3
14.Bd2xc3 Qe7xg5
15.Bc3xh8 Rd8xh8
16.b4 Nd7e5
17.Bd3e2 Qg5f4
18.Be2xg4 Ne5xg4
19.g3 Qf4f3
20.Qa4d1 Qf3xe4
21.f3 Qe4e3
22.Kg2 Qe3h6
{ resign }
0-1

[Event "Tourn. n9880"]
[Site "www.echecsemail.com"]
[Date "2018.08.14"]
[Round "1"]
[White "Jaroslavpech"]
[Black "Senitram"]
[WhiteElo "2450"]
[BlackElo "2520"]
[Result "0-1"]
[Round "1"]
1.e4 c5
2.Ng1f3 e6
3.d4 cxd4
4.Nf3xd4 Ng8f6
5.Nb1c3 Nb8c6
6.a3 Bf8e7
7.Bf1e2 O-O
8.O-O d5
9.Nc3xd5 exd5
10.exd5 Nc6xd4
11.Qd1xd4 Qd8xd5
12.Qd4xd5 Nf6xd5
{ resign }
0-1

[Event "Tourn. n9866"]
[Site "www.echecsemail.com"]
[Date "2018.08.14"]
[Round "1"]
[White "Aniruddhadg"]
[Black "Cathar"]
[WhiteElo "2540"]
[BlackElo "2370"]
[Result "1-0"]
[Round "1"]
1.d4 f5
2.Bc1g5 g6
3.Nb1c3 Bf8g7
4.h4 h6
5.Bg5f4 Ng8f6
6.e3 d6
7.Qd1f3 O-O
8.Bf1c4 e6
9.Ng1e2 Nb8c6
10.a3 Kh7
11.Bf4g5 d5
12.Bc4b3 Nc6e7
13.O-O-O b6
14.Ne2f4 c5
15.Bg5xf6 Bg7xf6
16.Nc3e2 c4
17.Bb3xc4 Bc8d7
18.Bc4d3 b5
19.g4 Bf6g7
20.g5 h5
21.Nf4xg6 Kxg6
22.Qf3xh5 Kxh5
23.Ne2f4 Kg4
24.Bd3e2 { resign }
1-0

[Event "Match"]
[Site "www.echecsemail.com"]
[Date "2018.08.14"]
[Round "1"]
[White "J1j6"]
[Black "Fangshuo"]
[WhiteElo "1870"]
[BlackElo "2060"]
[Result "0-1"]
[Round "1"]
1.e4 e6
2.d4 d5
3.e5 c5
4.Ng1f3 cxd4
5.Nf3xd4 Bf8c5
6.Bc1e3 Qd8b6
7.b3 Nb8c6
8.c3 Nc6xd4
9.cxd4 Bc5b4
10.Nb1d2 Bb4c3
11.Ra1c1 Bc3xd4
12.Be3xd4 Qb6xd4
13.Nd2f3 Qd4e4
14.Qd1e2 Ng8e7
15.Qe2xe4 dxe4
16.Nf3g5 O-O
17.Ng5xe4 Ne7g6
18.Ne4d6 Ng6xe5
19.Bf1c4 Rf8d8
20.Rc1d1 Ne5xc4
21.bxc4 b6
22.O-O Bc8a6
23.Rf1e1 Rd8d7
24.Nd6b5 Ra8d8
25.Rd1xd7 Rd8xd7
26.Re1c1 Ba6xb5
27.cxb5 Kf8
28.h3 Ke8
29.Kh2 Kd8
30.Kg3 Rd7d2
31.Rc1a1 Rd2b2
32.a4 Ke7
33.f4 Kf6
34.Ra1a3 Rb2b4
35.Kg4 g5
36.g3 Kg6
37.h4 h5
38.Kf3 g4
39.Ke3 f5
40.Kd3 Kf6
41.Ke3 e5
42.fxe5 Kxe5
43.Kd3 Rb4d4
44.Ke3 f4
45.gxf4 Rd4xf4
46.Ke2 Rf4e4
47.Kf2 Kf4
48.a5 Re4b4
49.axb6 axb6
50.Ra3a8 Rb4xb5
51.Ra8h8 g3
52.Kg2 Kg4
53.Rh8g8 Kxh4
{ resign }
0-1

[Event "Match"]
[Site "www.echecsemail.com"]
[Date "2018.08.14"]
[Round "1"]
[White "Cathar"]
[Black "Witpar"]
[WhiteElo "2170"]
[BlackElo "2680"]
[Result "0-1"]
[Round "1"]
1.c4 e5
2.g3 Ng8f6
3.Bf1g2 d5
4.cxd5 Nf6xd5
5.Nb1c3 Nd5b6
6.e3 Nb8c6
7.Ng1e2 Bf8e7
8.O-O O-O
9.f4 exf4
10.Ne2xf4 Nc6e5
11.b3 c6
12.Bc1b2 Ne5d3
13.Nf4xd3 Qd8xd3
14.Bg2e4 Qd3d6
15.Qd1c2 g6
16.Rf1f2 Bc8e6
17.Ra1f1 Ra8d8
18.Be4g2 f5
19.Bb2a1 Nb6d7
20.Nc3e2 Be7f6
21.Ba1xf6 Nd7xf6
22.Ne2c3 Rf8e8
23.Qc2b2 Qd6e5
24.Nc3d1 Qe5xb2
25.Nd1xb2 Be6d5
26.Bg2xd5 Rd8xd5
27.Rf2e2 Nf6e4
{ resign }
0-1

[Event "Tourn. n9905"]
[Site "www.echecsemail.com"]
[Date "2018.08.14"]
[Round "1"]
[White "Tartan"]
[Black "Gidgud"]
[WhiteElo "2580"]
[BlackElo "2360"]
[Result "1-0"]
[Round "1"]
1.d4 Ng8f6
2.Ng1f3 e6
3.g3 b6
4.Bf1g2 Bc8b7
5.O-O Bf8e7
6.c4 O-O
7.Nb1c3 Nf6e4
8.Qd1c2 f5
9.Nf3e5 d5
10.cxd5 exd5
11.Qc2b3 Ne4xc3
12.Qb3xc3 c5
13.dxc5 bxc5
14.Qc3b3 { resign }
1-0